Programa editorial

Salvato in:
Dettagli Bibliografici
Ente Autore: Centro de Investigación y de Estudios Avanzados del IPN (Autore)
Natura: Libro
Lingua:spagnolo
Pubblicazione: Ciudad de México Area de Educación Superior 1997
Serie:Antologías, 1
Soggetti:
Tags: Aggiungi Tag
Nessun Tag, puoi essere il primo ad aggiungerne!!

MARC

LEADER 00000nam a2200000 a 4500
001 UCN7407
003 CL-VaPUC
008 011018e19970000MX |||||||||||||||||spa|d
082 0 4 |a 372.7  |b CEN  |2 21 
110 2 |a Centro de Investigación y de Estudios Avanzados del IPN  |e author  |9 463403 
245 1 0 |a Programa editorial 
300 |a 191 p 
942 |c BK 
945 |d 20011018 00:00:00  |a cmena 
260 |a Ciudad de México  |b Area de Educación Superior  |c 1997 
650 0 |a Matemáticas  |x Enseñanza  |9 875527 
650 0 |a Métodos de enseñanza  |9 270413 
650 0 |a Filosofía de las ciencias  |9 256466 
583 |a last modification  |c 20011018 00:00:00  |k Rodrigo Vera 
490 0 |a Antologías, 1 
999 |c 297771  |d 297769 
952 |0 0  |1 0  |4 0  |6 372_700000000000000_CEN_1997  |7 0  |8 A  |9 352743  |a BIBMAT  |b BIBMAT  |c E_DIDACT  |d 2019-11-21  |i 3716848  |o 372.7 CEN 1997  |p 3716848  |r 2025-01-07  |w 2019-11-21  |y BK  |k MAT